[Event "Benidorm Bali op-A"]
[Site "Benidorm"]
[Date "2023.12.04"]
[Round "4"]
[White "Davtyan, David"]
[Black "Stewart, Ashley"]
[Result "1-0"]
[WhiteElo "2373"]
[BlackElo "2046"]
[PlyCount "96"]
[EventDate "2023.12.01"]
[EventType "swiss"]
[EventRounds "9"]
[EventCountry "ESP"]
[SourceTitle "CB50_2023"]
[SourceDate "2023.12.13"]
[SourceVersion "1"]
[SourceVersionDate "2023.12.13"]
[SourceQuality "1"]

1. Nc3 c5 2. e4 g6 3. d4 cxd4 4. Qxd4 Nf6 5. Nf3 Nc6 6. Qa4 d6 7. e5 dxe5 8. Nxe5 Bg7 9. Nxc6 bxc6 10. Qxc6+ Bd7 11. Qa6 Qc7 12. Be2 0-0 13. Bf3 Rab8 14. 0-0 Ng4 15. Bxg4 Bxg4 16. Qa3 Rb7 17. Re1 Be6 18. Re4 Rd8 19. Bf4 Qb6 20. Rb1 Bf5 21. Re2 Bg4 22. Ree1 Bf5 23. Be3 Qb4 24. Qxb4 Rxb4 25. Red1 Rxd1+ 26. Nxd1 h5 27. b3 Bxc2 28. Rc1 Bxd1 29. Rxd1 a5 30. Rd8+ Kh7 31. Ra8 Rb5 32. Ra7 Bf6 33. Kf1 Kg7 34. Bd2 Rd5 35. Bxa5 Rd1+ 36. Ke2 Rb1 37. Bb6 Rb2+ 38. Kd3 h4 39. h3 e6 40. Bc5 g5 41. b4 Kg6 42. a4 Be5 43. a5 f5 44. Re7 Kf6 45. a6 g4 46. a7 Ra2 47. Re8 gxh3 48. gxh3 Ra3+ 1-0

[Event "BCF-chT 2223 (4NCL)"]
[Site "England"]
[Date "2023.05.01"]
[Round "11.4"]
[White "Stewart, Ashley"]
[Black "Kisteneva, Liza"]
[Result "0-1"]
[WhiteElo "2084"]
[BlackElo "2065"]
[PlyCount "150"]
[EventDate "2022.10.22"]
[EventType "team-swiss"]
[EventRounds "11"]
[EventCountry "ENG"]
[SourceTitle "EXT 2024"]
[Source "ChessBase"]
[SourceDate "2023.10.10"]
[SourceVersion "1"]
[SourceVersionDate "2023.10.10"]
[SourceQuality "1"]
[WhiteTeam "Cambridge University"]
[BlackTeam "Chessable White Rose II"]
[WhiteTeamCountry "ENG"]
[BlackTeamCountry "ENG"]

1. d4 d5 2. c4 e6 3. Nf3 Nf6 4. g3 Bb4+ 5. Nbd2 0-0 6. Bg2 dxc4 7. Qc2 c5 8. dxc5 Bxc5 9. 0-0 Nc6 10. Nxc4 Nb4 11. Qb3 b5 12. Nce5 Qb6 13. a3 Nbd5 14. Nd3 Bd6 15. Nfe1 Qd4 16. Nf3 Qc4 17. Nd2 Qxb3 18. Nxb3 e5 19. Bg5 Rb8 20. Rfc1 h6 21. Bxf6 Nxf6 22. Na5 Rb6 23. Nc6 e4 24. Ndb4 a6 25. Rc2 Bb7 26. Rac1 Bxb4 27. Nxb4 Rd8 28. e3 a5 29. Na2 b4 30. axb4 axb4 31. Rc4 b3 32. Nc3 Rd2 33. Na4 Rbd6 34. h3 Rd1+ 35. Rxd1 Rxd1+ 36. Kh2 Rd2 37. Kg1 Rc2 38. Rb4 Bc6 39. Nc3 Rxb2 40. Nxe4 Nxe4 41. Bxe4 Bxe4 42. Rxe4 Rc2 43. Rb4 b2 44. Kg2 Kf8 45. Rb7 Ke8 46. Kf3 Kd8 47. e4 Kc8 48. Rb4 Kc7 49. Ke3 Kc6 50. f4 Kc5 51. Kd3 Rg2 52. Rb7 Kc6 53. Rb8 Rxg3+ 54. Kc2 Rxh3 55. Kxb2 Rf3 56. f5 f6 57. Rg8 Kd6 58. Rxg7 Ke5 59. Re7+ Kf4 60. Kc2 h5 61. Rh7 Kxe4 62. Rxh5 Rxf5 63. Rh4+ Ke3 64. Kd1 Rf1+ 65. Kc2 f5 66. Rh8 Rf4 67. Re8+ Re4 68. Rf8 f4 69. Kd1 Kf2 70. Rf7 f3 71. Ra7 Rd4+ 72. Kc2 Ke3 73. Re7+ Re4 74. Rf7 Ke2 75. Kc3 f2 0-1

[Event "BCF-chT 2223 (4NCL)"]
[Site "England"]
[Date "2022.10.23"]
[Round "2.2"]
[White "Stewart, Ashley"]
[Black "Turner, Matthew"]
[Result "1/2-1/2"]
[WhiteElo "2084"]
[BlackElo "2461"]
[PlyCount "126"]
[EventDate "2022.10.22"]
[EventType "team-swiss"]
[EventRounds "11"]
[EventCountry "ENG"]
[SourceTitle "CBM 210 Extra"]
[Source "ChessBase"]
[SourceDate "2022.11.30"]
[SourceVersion "1"]
[SourceVersionDate "2022.11.30"]
[SourceQuality "1"]
[WhiteTeam "Cambridge University"]
[BlackTeam "Chess.com Manx Liberty"]
[WhiteTeamCountry "ENG"]
[BlackTeamCountry "ENG"]

1. c4 e6 2. g3 Nf6 3. Bg2 d5 4. Nf3 c5 5. 0-0 Nc6 6. cxd5 exd5 7. d4 Bg4 8. Ne5 Be6 9. Nxc6 bxc6 10. Nc3 Be7 11. dxc5 Bxc5 12. Na4 Bb6 13. Qc2 Rc8 14. Nxb6 axb6 15. a4 0-0 16. a5 bxa5 17. Bd2 Qd7 18. Bg5 Bf5 19. Qc5 Qe6 20. Bxf6 Qxf6 21. b3 Qb2 22. e4 Bxe4 23. Bxe4 dxe4 24. Rfb1 Qd2 25. Qxa5 Qxa5 26. Rxa5 f5 27. Rd1 Rf7 28. Rc5 g6 29. Rdc1 Rb8 30. R1c3 Rf6 31. Rxc6 Rxc6 32. Rxc6 Rxb3 33. Rc7 Rb8 34. h4 Rf8 35. Re7 Rf7 36. Re6 Ra7 37. Kg2 Kf7 38. Rb6 Ra2 39. Kf1 Kg7 40. Rb7+ Kh6 41. Re7 Kh5 42. Rxh7+ Kg4 43. Rb7 e3 44. Rb4+ Kh3 45. fxe3 Kxg3 46. Rb6 Kf3 47. Ke1 Kxe3 48. Re6+ Kf3 49. Rxg6 Rh2 50. Rh6 f4 51. h5 Rh1+ 52. Kd2 Kg2 53. Rh8 f3 54. h6 f2 55. Rg8+ Kf1 56. Rh8 Rh5 57. h7 Rd5+ 58. Kc2 Rd7 59. Kc3 Rg7 60. Kd2 Re7 61. Kd1 Rg7 62. Kd2 Rf7 63. Kc2 Rg7 1/2-1/2

[Event "Southend Easter op 64th"]
[Site "Southend"]
[Date "2022.04.17"]
[Round "5"]
[White "Dias, Savin"]
[Black "Stewart, Ashley"]
[Result "0-1"]
[WhiteElo "1968"]
[BlackElo "2069"]
[PlyCount "104"]
[EventDate "2022.04.15"]
[EventType "swiss"]
[EventRounds "7"]
[EventCountry "ENG"]
[SourceTitle "CBM 207 Extra"]
[Source "ChessBase"]
[SourceDate "2022.05.31"]
[SourceVersion "1"]
[SourceVersionDate "2022.05.31"]
[SourceQuality "1"]

1. e4 e6 2. d4 d5 3. Nc3 Nf6 4. e5 Nfd7 5. f4 c5 6. Nf3 Nc6 7. Be3 Be7 8. Qd2 0-0 9. Be2 b6 10. 0-0 f5 11. Nd1 cxd4 12. Nxd4 Nxd4 13. Bxd4 Nc5 14. Bd3 Bb7 15. c3 Ne4 16. Qe2 Bc5 17. Ne3 Rf7 18. g4 g6 19. Kg2 Rg7 20. Rad1 Qe7 21. Bxe4 dxe4 22. Bxc5 Qxc5 23. g5 h6 24. gxh6 Rh7 25. Rd6 Re8 26. Rfd1 Rxh6 27. Rd7 Ba6 28. c4 Rh7 29. Rxh7 Kxh7 30. Rd7+ Re7 31. Qd2 Kg8 32. Rd8+ Kf7 33. b3 g5 34. Rh8 Qc7 35. fxg5 Kg7 36. Qd8 Qxd8 37. Rxd8 f4 38. Ng4 Bb7 39. h4 Kg6 40. Rg8+ Kf5 41. Kh3 e3 42. Nxe3+ fxe3 43. Rf8+ Kg6 44. Rf1 e2 45. Re1 Bf3 46. Kg3 Bh5 47. Kf2 Rd7 48. b4 Rd4 49. c5 bxc5 50. bxc5 Rf4+ 51. Ke3 Rc4 52. Kd2 Rxc5 0-1

[Event "Southend Easter op 64th"]
[Site "Southend"]
[Date "2022.04.15"]
[Round "2"]
[White "Stewart, Ashley"]
[Black "Vaidya, Raghav"]
[Result "1-0"]
[WhiteElo "2069"]
[BlackElo "1561"]
[PlyCount "119"]
[EventDate "2022.04.15"]
[EventType "swiss"]
[EventRounds "7"]
[EventCountry "ENG"]
[SourceTitle "CBM 207 Extra"]
[Source "ChessBase"]
[SourceDate "2022.05.31"]
[SourceVersion "1"]
[SourceVersionDate "2022.05.31"]
[SourceQuality "1"]

1. d4 Nf6 2. c4 e6 3. g3 d5 4. Bg2 Nc6 5. Nf3 Be7 6. 0-0 0-0 7. Nbd2 b6 8. a3 a5 9. b3 Bb7 10. Bb2 Re8 11. Qc2 Bf8 12. Rfd1 Qe7 13. e4 dxe4 14. Nxe4 Nb4 15. Nxf6+ Qxf6 16. Qe2 Na6 17. Ne5 Bxg2 18. Kxg2 Bd6 19. Nf3 Qe7 20. Rd3 c5 21. Qe4 f5 22. Qc6 Qc7 23. Qxc7 Bxc7 24. Re1 cxd4 25. Rxd4 Nc5 26. b4 e5 27. Rdd1 e4 28. bxc5 exf3+ 29. Kxf3 bxc5 30. Rxe8+ Rxe8 31. Rd5 Rb8 32. Rxc5 Bd6 33. Rb5 Rxb5 34. cxb5 Kf7 35. a4 Bc5 36. Bc3 Bb6 37. Bd2 Ke6 38. Ke2 Kd5 39. Be3 Bxe3 40. Kxe3 g5 41. h3 h5 42. f4 g4 43. h4 Kc5 44. Kd3 Kd5 45. b6 Kc6 46. Kd4 Kxb6 47. Kd5 Kc7 48. Ke5 Kd7 49. Kxf5 Ke7 50. Kg5 Kf7 51. f5 Ke7 52. f6+ Kf7 53. Kf5 Kf8 54. Kg6 Kg8 55. Kxh5 Kf7 56. Kg5 Kf8 57. Kxg4 Kf7 58. Kf5 Kf8 59. Ke6 Ke8 60. g4 1-0

[Event "BCF-chTa 1920 (4NCL)"]
[Site "Daventry"]
[Date "2020.02.08"]
[Round "5.26"]
[White "Stewart, Ashley"]
[Black "Harvey, Marcus Ross"]
[Result "0-1"]
[WhiteElo "2152"]
[BlackElo "2419"]
[PlyCount "104"]
[EventDate "2019.11.09"]
[EventType "team-tourn"]
[EventRounds "11"]
[EventCountry "ENG"]
[SourceTitle "CBM 194 Extra"]
[Source "ChessBase"]
[SourceDate "2020.03.31"]
[SourceVersion "1"]
[SourceVersionDate "2020.03.31"]
[SourceQuality "1"]
[WhiteTeam "Cambridge University"]
[BlackTeam "Wood Green"]
[WhiteTeamCountry "ENG"]
[BlackTeamCountry "ENG"]

1. c4 e6 2. g3 d5 3. Bg2 dxc4 4. Qa4+ Nd7 5. Qxc4 c5 6. Qb3 Bd6 7. Nf3 e5 8. d3 Ngf6 9. a4 0-0 10. Na3 h6 11. 0-0 Re8 12. Nd2 Nf8 13. Ndc4 Ne6 14. e3 Bc7 15. Nb5 Qe7 16. Bd2 Rd8 17. Rfd1 Bb8 18. a5 Ng5 19. a6 e4 20. dxe4 Nfxe4 21. Ba5 b6 22. Rxd8+ Qxd8 23. Be1 Bg4 24. Nc3 Qd3 25. Rd1 Bxd1 26. Qxd1 Qxd1 27. Nxd1 Bc7 28. Nc3 Re8 29. Nb5 Bb8 30. h4 Nh7 31. b4 cxb4 32. Bxb4 Nc5 33. Ncd6 Bxd6 34. Nxd6 Re6 35. Nc8 Nxa6 36. Bc3 Nf6 37. Nxa7 Nc5 38. Nb5 Nfe4 39. Bd4 Re8 40. Bf3 Rd8 41. Kg2 Nd6 42. Nc3 Nf5 43. Be5 Nd3 44. Be4 Nxh4+ 45. gxh4 Nxe5 46. Nb5 Rd2 47. Kg3 Nd3 48. f4 Nc5 49. Bc6 g6 50. Nd4 Ne6 51. Nb5 Ng7 52. e4 Rd3+ 0-1

[Event "Gibraltar Masters 18th"]
[Site "Caleta"]
[Date "2020.01.21"]
[Round "1"]
[White "Stewart, Ashley"]
[Black "Di Berardino, Diego Rafael"]
[Result "0-1"]
[WhiteElo "2152"]
[BlackElo "2478"]
[PlyCount "86"]
[EventDate "2020.01.21"]
[EventType "swiss"]
[EventRounds "10"]
[EventCountry "GGB"]
[SourceTitle "CBM 194 Extra"]
[Source "ChessBase"]
[SourceDate "2020.03.31"]
[SourceVersion "1"]
[SourceVersionDate "2020.03.31"]
[SourceQuality "1"]

1. c4 c5 2. g3 g6 3. Bg2 Bg7 4. Nc3 Nc6 5. Nf3 d6 6. 0-0 Bf5 7. d3 Qd7 8. Rb1 Nf6 9. a3 Bh3 10. Nd5 Bxg2 11. Kxg2 0-0 12. Nxf6+ Bxf6 13. b4 b6 14. Bh6 Rfd8 15. bxc5 dxc5 16. Qc1 Bh8 17. h4 e5 18. h5 Nd4 19. Nxd4 exd4 20. Qf4 Re8 21. Qf3 Rac8 22. hxg6 hxg6 23. Rh1 Rc6 24. Rh4 Rf6 25. Rf4 Rfe6 26. Rb2 Re5 27. g4 Qe6 28. g5 Qd7 29. a4 R8e7 30. Ra2 Qc7 31. Kf1 R5e6 32. Rh4 Re5 33. Qh3 Rf5 34. Rb2 Be5 35. Re4 Qd7 36. Qh4 Qxa4 37. Rb5 Qa6 38. f4 Qc8 39. Kg2 Bd6 40. Rb1 Rxe4 41. Bg7 Rxe2+ 42. Kf3 Rxf4+ 43. Qxf4 Bxf4 0-1

[Event "London Classic rapid op 11th"]
[Site "London"]
[Date "2019.12.07"]
[Round "2"]
[White "Stewart, Ashley"]
[Black "Sandhu, Manvith"]
[Result "1-0"]
[WhiteElo "2033"]
[BlackElo "1509"]
[PlyCount "91"]
[EventDate "2019.12.07"]
[EventType "swiss (rapid)"]
[EventRounds "7"]
[EventCountry "ENG"]
[SourceTitle "CBM 195 Extra"]
[Source "ChessBase"]
[SourceDate "2020.05.31"]
[SourceVersion "1"]
[SourceVersionDate "2020.05.31"]
[SourceQuality "1"]

1. d4 d5 2. c4 c6 3. Nf3 Nf6 4. e3 e6 5. Nbd2 Nbd7 6. Bd3 Bb4 7. 0-0 0-0 8. e4 dxe4 9. Nxe4 Nxe4 10. Bxe4 Nf6 11. Bc2 Be7 12. Bg5 h6 13. Bh4 b5 14. cxb5 cxb5 15. Qd3 g6 16. Qxb5 a5 17. Rfd1 Ba6 18. Qe5 Nd5 19. Bxe7 Qxe7 20. Bd3 Bxd3 21. Rxd3 Nb4 22. Rc3 Rfc8 23. Rxc8+ Rxc8 24. Qxa5 Nd5 25. Qd2 Qc7 26. Qxh6 Nf4 27. h3 Ne2+ 28. Kh1 Qd7 29. Qd2 Nxd4 30. Qxd4 Qc7 31. Rd1 Qa5 32. a3 Qf5 33. Qh4 Qc2 34. Rd8+ Rxd8 35. Qxd8+ Kg7 36. Qd2 Qb1+ 37. Kh2 Qf5 38. Qd4+ Kg8 39. Ne5 f6 40. Nd7 e5 41. Qg4 Qc2 42. Qe6+ Kh7 43. Nxf6+ Kg7 44. Qe7+ Kh6 45. Ng8+ Kh5 46. g4# 1-0

[Event "London Classic Weekend op 11th"]
[Site "London"]
[Date "2019.12.01"]
[Round "4"]
[White "Jones, Steven"]
[Black "Stewart, Ashley"]
[Result "1-0"]
[WhiteElo "2202"]
[BlackElo "2163"]
[PlyCount "75"]
[EventDate "2019.11.29"]
[EventType "swiss"]
[EventRounds "5"]
[EventCountry "ENG"]
[SourceTitle "CBM 193 Extra"]
[Source "ChessBase"]
[SourceDate "2020.01.31"]
[SourceVersion "1"]
[SourceVersionDate "2020.01.31"]
[SourceQuality "1"]

1. d4 Nf6 2. Nf3 g6 3. Nbd2 Bg7 4. e4 d6 5. Bd3 0-0 6. 0-0 c5 7. c3 Nbd7 8. Re1 Qc7 9. a4 e5 10. dxe5 Nxe5 11. Nxe5 dxe5 12. Bc4 Re8 13. Nf1 Be6 14. Qb3 Qc6 15. f3 Bxc4 16. Qxc4 Nd7 17. b3 a6 18. a5 b5 19. axb6 a5 20. Be3 Bf8 21. Qa4 Qxa4 22. bxa4 Nxb6 23. Nd2 Red8 24. Reb1 Ra6 25. Kf2 Rd3 26. Rb3 c4 27. Rb5 Nd7 28. Rc1 Nc5 29. Nxc4 Nxa4 30. Rb8 Kg7 31. Nxe5 Bd6 32. Nxd3 Bxb8 33. Bd4+ Kf8 34. Ra1 Nb6 35. Nb4 axb4 36. Rxa6 bxc3 37. Bxb6 c2 38. Be3 1-0

[Event "Barcelona Sants op 21st"]
[Site "Barcelona"]
[Date "2019.08.28"]
[Round "6"]
[White "Stewart, Ashley"]
[Black "Vergara Jofre, Felipe Andres"]
[Result "1-0"]
[WhiteElo "2145"]
[BlackElo "2339"]
[PlyCount "23"]
[EventDate "2019.08.23"]
[EventType "swiss"]
[EventRounds "10"]
[EventCountry "ESP"]
[SourceTitle "EXT 2020"]
[Source "ChessBase"]
[SourceDate "2019.10.17"]
[SourceVersion "1"]
[SourceVersionDate "2019.10.17"]
[SourceQuality "1"]

1. c4 e5 2. g3 Nf6 3. Bg2 c6 4. Nf3 e4 5. Nd4 d5 6. d3 Bb4+ 7. Nc3 0-0 8. 0-0 e3 9. Bxe3 c5 10. Nxd5 cxd4 11. Bxd4 Nxd5 12. Bxd5 1-0

[Event "BCF-chT1d 1819 (4NCL) Demotion pool"]
[Site "England"]
[Date "2019.03.17"]
[Round "8.64"]
[White "Oyama, Akito"]
[Black "Stewart, Ashley"]
[Result "1/2-1/2"]
[WhiteElo "2206"]
[BlackElo "2146"]
[PlyCount "155"]
[EventDate "2018.11.10"]
[EventType "team-tourn"]
[EventRounds "4"]
[EventCountry "ENG"]
[SourceTitle "CBM 189 Extra"]
[Source "ChessBase"]
[SourceDate "2019.06.03"]
[SourceVersion "1"]
[SourceVersionDate "2019.06.03"]
[SourceQuality "1"]
[WhiteTeam "North East England"]
[BlackTeam "Wood Green Monarchs"]
[WhiteTeamCountry "ENG"]
[BlackTeamCountry "ENG"]

1. e4 c5 2. Nc3 g6 3. f4 Bg7 4. Nf3 Nc6 5. Bb5 Nd4 6. Bc4 e6 7. e5 d5 8. Nxd4 cxd4 9. Bb5+ Bd7 10. Bxd7+ Qxd7 11. Ne2 f6 12. Nxd4 fxe5 13. fxe5 Bxe5 14. Nf3 Bg7 15. 0-0 Nf6 16. d4 0-0 17. Bf4 Qb5 18. Be5 Ne4 19. Bxg7 Kxg7 20. Qe1 Rac8 21. c3 Rc7 22. Rf2 Rcf7 23. Qe2 Qb6 24. Rff1 Rf5 25. Rad1 g5 26. a4 a5 27. Qb5 Qxb5 28. axb5 g4 29. Ne5 Rf2 30. Rb1 h5 31. Nd7 Rxf1+ 32. Rxf1 Rd8 33. Ne5 Nd6 34. b6 Ra8 35. Nd3 Ra6 36. Ra1 Rxb6 37. Rxa5 Nc4 38. Ra2 Nd6 39. Nc5 Kf7 40. b4 Nb5 41. Rc2 Rc6 42. Nxb7 Rxc3 43. Rxc3 Nxc3 44. Kf2 Nb5 45. Ke3 Kf6 46. Nc5 Kf5 47. Nd3 Na3 48. Ne1 Nb5 49. g3 Na3 50. Kd3 Nb5 51. Ng2 Nd6 52. Ne3+ Kg5 53. Nd1 h4 54. Nc3 hxg3 55. hxg3 Kf5 56. b5 e5 57. dxe5 Kxe5 58. b6 Nb7 59. Na4 Kd6 60. Kd4 Kc6 61. Ke5 Kb5 62. Nc3+ Kxb6 63. Nxd5+ Kc6 64. Nf6 Nc5 65. Nxg4 Kd7 66. Nf6+ Ke7 67. g4 Ne6 68. Kf5 Kf7 69. Nh5 Nd4+ 70. Kg5 Nf3+ 71. Kh6 Kg8 72. Nf6+ Kh8 73. Nd7 Kg8 74. Kg6 Nh2 75. Nf6+ Kh8 76. g5 Nf3 77. Kh6 Nxg5 78. Kxg5 1/2-1/2

[Event "Gibraltar Masters 17th"]
[Site "Caleta"]
[Date "2019.01.23"]
[Round "2"]
[White "Stijve, Theo"]
[Black "Stewart, Ashley"]
[Result "1/2-1/2"]
[WhiteElo "2339"]
[BlackElo "2122"]
[PlyCount "99"]
[EventDate "2019.01.22"]
[EventType "swiss"]
[EventRounds "10"]
[EventCountry "GGB"]
[SourceTitle "CBM 188 Extra"]
[Source "ChessBase"]
[SourceDate "2019.02.26"]
[SourceVersion "1"]
[SourceVersionDate "2019.02.26"]
[SourceQuality "1"]

1. e4 c5 2. Nf3 g6 3. d4 cxd4 4. Nxd4 Nc6 5. c4 Nf6 6. Nc3 Nxd4 7. Qxd4 d6 8. Be2 Bg7 9. Be3 0-0 10. Qd2 a5 11. 0-0 a4 12. Bd4 Qa5 13. Rad1 Be6 14. f4 Rfe8 15. Qd3 Rac8 16. b3 axb3 17. axb3 Qb4 18. f5 Bd7 19. Bxf6 exf6 20. Nd5 Qc5+ 21. Kh1 Bc6 22. b4 Qa7 23. Ra1 Qb8 24. Nc3 b6 25. b5 Bb7 26. Qd4 Rc5 27. Bd3 gxf5 28. Rxf5 Rxf5 29. exf5 Re5 30. Be4 Qe8 31. Bxb7 Re1+ 32. Rxe1 Qxe1+ 33. Qg1 Qxc3 34. Bd5 Bh6 35. g3 Qc1 36. Qxc1 Bxc1 37. Kg2 Kg7 38. Kf3 Ba3 39. Ke4 Bc5 40. Bb7 Kf8 41. h4 h6 42. Kd5 Ke7 43. Kc6 Bf2 44. Kc7 Bc5 45. Bd5 Bf2 46. g4 Be3 47. Kc6 Bc5 48. Bf3 Be3 49. Kd5 Bc5 50. Bg2 1/2-1/2

[Event "Gibraltar Masters 17th"]
[Site "Caleta"]
[Date "2019.01.22"]
[Round "1"]
[White "Stewart, Ashley"]
[Black "Cramling, Pia"]
[Result "0-1"]
[WhiteElo "2122"]
[BlackElo "2462"]
[PlyCount "64"]
[EventDate "2019.01.22"]
[EventType "swiss"]
[EventRounds "10"]
[EventCountry "GGB"]
[SourceTitle "CBM 188 Extra"]
[Source "ChessBase"]
[SourceDate "2019.02.26"]
[SourceVersion "1"]
[SourceVersionDate "2019.02.26"]
[SourceQuality "1"]

1. c4 c5 2. g3 g6 3. Bg2 Bg7 4. Nc3 Nc6 5. Nf3 d6 6. 0-0 e6 7. a3 Nge7 8. Rb1 b6 9. b4 Bb7 10. Qa4 0-0 11. Bb2 Qd7 12. e3 Rad8 13. Ne4 f5 14. Nc3 Ba8 15. d3 h6 16. h4 Bf6 17. Nb5 e5 18. Nc3 g5 19. hxg5 hxg5 20. Nd5 Nxd5 21. cxd5 Ne7 22. Qxd7 Rxd7 23. bxc5 bxc5 24. e4 Bb7 25. Rfd1 Ba6 26. Bc3 Kg7 27. Bf1 Rh8 28. Nd2 f4 29. Be2 Nc8 30. Bg4 Rf7 31. Nc4 Bxc4 32. dxc4 Nb6 0-1

[Event "Shropshire op"]
[Site "Telford"]
[Date "2019.01.05"]
[Round "3"]
[White "Edge, John"]
[Black "Stewart, Ashley"]
[Result "0-1"]
[WhiteElo "1972"]
[BlackElo "2122"]
[PlyCount "84"]
[EventDate "2019.01.04"]
[EventType "swiss"]
[EventRounds "5"]
[EventCountry "ENG"]
[SourceTitle "CBM 188 Extra"]
[Source "ChessBase"]
[SourceDate "2019.02.26"]
[SourceVersion "1"]
[SourceVersionDate "2019.02.26"]
[SourceQuality "1"]

1. e4 c5 2. c3 d5 3. exd5 Qxd5 4. d4 g6 5. Na3 Bg7 6. Nf3 cxd4 7. Bc4 Qe4+ 8. Be3 Nh6 9. Nb5 0-0 10. cxd4 Nc6 11. Nc3 Qg4 12. h3 Qh5 13. Qd2 Ng4 14. 0-0-0 Nxe3 15. fxe3 Bd7 16. Kb1 Rac8 17. Nd5 Bf5+ 18. Ka1 Be4 19. g4 Qh6 20. Rhf1 e5 21. g5 Qxh3 22. Ng1 Qg2 23. Rf2 Qxg5 24. Nc3 Bf5 25. Nf3 Qd8 26. d5 Nb4 27. Bb3 Nd3 28. Rh2 Nc5 29. Bc2 Bxc2 30. Qxc2 Qf6 31. Qg2 h6 32. Rf1 Qa6 33. Nd2 Na4 34. Nde4 Nxc3 35. Nxc3 e4 36. Nxe4 Qc4 37. Rb1 Qd3 38. Nd6 Rcd8 39. Nxb7 Rxd5 40. Qf3 Qb5 41. e4 Rd7 42. e5 Qxb7 0-1

[Event "BCF-chTb 1819 (4NCL)"]
[Site "Daventry"]
[Date "2018.11.11"]
[Round "2.8"]
[White "Stewart, Ashley"]
[Black "Hawkins, Jonathan J"]
[Result "0-1"]
[WhiteElo "2166"]
[BlackElo "2579"]
[PlyCount "68"]
[EventDate "2018.11.10"]
[EventType "team-tourn"]
[EventRounds "11"]
[EventCountry "ENG"]
[SourceTitle "CBM 187 Extra"]
[Source "ChessBase"]
[SourceDate "2018.11.04"]
[SourceVersion "1"]
[SourceVersionDate "2018.11.04"]
[SourceQuality "1"]
[WhiteTeam "Wood Green Monarchs"]
[BlackTeam "Cheddleton"]
[WhiteTeamCountry "ENG"]
[BlackTeamCountry "ENG"]

1. c4 f5 2. g3 Nf6 3. Bg2 g6 4. Nc3 Bg7 5. e3 d6 6. Nge2 0-0 7. b3 e5 8. Bb2 Nc6 9. d3 Nh5 10. f4 exf4 11. exf4 Nd4 12. Qd2 c6 13. 0-0-0 Bd7 14. Rhe1 a5 15. Na4 Nxe2+ 16. Rxe2 Rb8 17. Rde1 b5 18. cxb5 cxb5 19. Bd5+ Kh8 20. Bxg7+ Nxg7 21. Re7 Re8 22. Rxe8+ Bxe8 23. Nb2 a4 24. Qb4 Rc8+ 25. Kb1 Qc7 26. a3 Qc2+ 27. Ka2 Qc5 28. Qxc5 Rxc5 29. Bf3 Bf7 30. Bd1 Rc1 31. Re7 Bg8 32. Rb7 Ne6 33. Rxb5 Nc5 34. Nxa4 Nxa4 0-1

[Event "BCF-chTb 1819 (4NCL)"]
[Site "Daventry"]
[Date "2018.11.10"]
[Round "1.8"]
[White "Guichard, Pauline"]
[Black "Stewart, Ashley"]
[Result "1-0"]
[WhiteElo "2382"]
[BlackElo "2166"]
[PlyCount "117"]
[EventDate "2018.11.10"]
[EventType "team-tourn"]
[EventRounds "11"]
[EventCountry "ENG"]
[SourceTitle "CBM 187 Extra"]
[Source "ChessBase"]
[SourceDate "2018.11.04"]
[SourceVersion "1"]
[SourceVersionDate "2018.11.04"]
[SourceQuality "1"]
[WhiteTeam "3CS Oldham"]
[BlackTeam "Wood Green Monarchs"]
[WhiteTeamCountry "ENG"]
[BlackTeamCountry "ENG"]

1. d4 Nf6 2. Nf3 g6 3. Bg5 Bg7 4. Nbd2 d5 5. e3 c5 6. Bb5+ Bd7 7. Qe2 Qb6 8. a4 0-0 9. 0-0 Nc6 10. Nb3 cxd4 11. exd4 Bg4 12. Rfd1 Ne4 13. Be3 Nd6 14. Bd3 Nb4 15. a5 Qd8 16. Bf4 Nxd3 17. Rxd3 Nc4 18. Ra2 Re8 19. h3 Bf5 20. Rd1 Rc8 21. c3 h6 22. Re1 Qd7 23. Nc5 Qc6 24. Ne5 Nxe5 25. Bxe5 f6 26. Bf4 e5 27. Be3 Bf8 28. g4 Bd7 29. b4 exd4 30. cxd4 Kh7 31. Qf3 Bg7 32. Rc1 b6 33. axb6 axb6 34. Nxd7 Qxd7 35. Rca1 Qc6 36. Ra7 Red8 37. Qf4 Rd7 38. R1a6 Rxa7 39. Rxa7 Kg8 40. h4 Qe6 41. b5 Rc3 42. Ra8+ Kh7 43. Rb8 Rb3 44. g5 fxg5 45. hxg5 h5 46. Kh2 Rxb5 47. Rb7 Qe4 48. Qxe4 dxe4 49. Kg3 Kg8 50. Kf4 Bf8 51. Kxe4 Bd6 52. Rd7 Bh2 53. f4 Rb3 54. d5 h4 55. d6 Rb4+ 56. Ke5 Rb3 57. Bd4 Rb5+ 58. Ke6 Bxf4 59. Rd8+ 1-0